000 00751nam a2200229Ia 4500
003 OSt
005 20220923220437.0
006 a|||||r|||| 00| 0
007 ta
008 220922b |||||||| |||| 00| 0 hin d
024 _a186,701
037 _cTextual
040 _aARTS
_cARTS
_bhin
041 _2hin
_ahin
082 _aX, 152L2
100 _aनाथूरामका, लक्ष्मी नारायण
_9160981
245 0 _aअर्थशास्त्र के आधुनिक सिद्वान्त
246 _aArthashāstra ke ādhunik sidvānta
260 _c1972
942 _hX, 152L2
_cTEXL
_2CC
999 _c339944
_d339944